[Event "SVK-chT1E 9899"]
[Site "SVK"]
[Date "1999.??.??"]
[Round "9"]
[White "Sarkozy, Ladislav"]
[Black "Bzowski, Blazej"]
[Result "1-0"]
[WhiteElo "2280"]
[BlackElo "2235"]

1.d4 d5 2.c4 e6 3.Nf3 c6 4.Nc3 Nf6 5.e3 Nbd7 6.Bd3 dxc4 7.Bxc4 b5 8.Bd3 a6
9.e4 c5 10.e5 cxd4 11.Nxb5 Nxe5 12.Nxe5 axb5 13.Bxb5+ Bd7 14.Nxd7 Qa5+ 15.Bd2 Qxb5
16.Nxf8 Kxf8 17.Qe2 Qxb2 18.O-O Kg8 19.Rfb1 Qc2 20.Qa6 Qd1+ 21.Rxd1 Rxa6
22.Bf4 Ra4 23.Be5 h6 24.Rxd4 Rxd4 25.Bxd4 Kh7 26.a4 Ra8 27.a5 Ra6 28.Bxf6 gxf6
29.Kf1 Kg6 30.Ke2 Kf5 31.Kd3 Ke5 32.Kc4 Kd6 33.Kb5 Ra8 34.a6 Kc7 35.Rc1+ Kd7
36.Kb6 Rb8+ 37.Ka5 Rb2 38.Rc4 Ra2+ 39.Ra4 Rxa4+ 40.Kxa4 Kc6 41.a7 Kb7 42.Kb5 Kxa7
43.Kc6 f5 44.Kd6 Kb6 45.Ke7 Kc5 46.Kxf7 Kd5 47.Kg6 Ke5 48.Kxh6 Kf6 49.f4 Kf7
50.Kg5 Kg7 51.h4 Kf7 52.h5 Kg7 53.h6+  1-0

[Event "SVK-chT 9899"]
[Site "SVK"]
[Date "1999.??.??"]
[Round "9"]
[White "Balogh, Peter"]
[Black "Kijac, Miroslav"]
[Result "1-0"]
[WhiteElo "2250"]
[BlackElo "2155"]

1.d4 d5 2.c4 e6 3.Nc3 Nf6 4.Nf3 c6 5.e3 Nbd7 6.Bd3 Bd6 7.O-O O-O 8.e4 dxe4
9.Nxe4 Nxe4 10.Bxe4 e5 11.dxe5 Nxe5 12.Nxe5 Bxe5 13.Bxh7+ Kxh7 14.Qh5+ Kg8
15.Qxe5 Re8 16.Qc3 Bf5 17.Be3 Qh4 18.Rad1 Re4 19.Rd4 Rae8 20.Rfd1 c5 21.Rxe4 Rxe4
22.Bxc5 Rxc4 23.Qe5 Qh5 24.Rd8+ Kh7 25.Be3 Rg4 26.Rd5 Kg6 27.f3 Rc4 28.g4 Bxg4
29.Qd6+  1-0

[Event "SVK-chT1E 9899"]
[Site "SVK"]
[Date "1999.??.??"]
[Round "10"]
[White "Pal, Peter"]
[Black "Palecek, Petr"]
[Result "1-0"]
[WhiteElo "2225"]
[BlackElo "2195"]

1.d4 d5 2.Nf3 Nf6 3.c4 c6 4.Nc3 e6 5.e3 Be7 6.Qc2 Nbd7 7.g4 Nxg4 8.Rg1 f5
9.h3 Ngf6 10.Rxg7 Ne4 11.Rg1 Bf6 12.Bd2 Nf8 13.Rg2 Ng6 14.O-O-O Bd7 15.Kb1 Qe7
16.Be2 O-O-O 17.cxd5 Nxc3+ 18.Qxc3 exd5 19.Qa5 Kb8 20.Bb4 Qe4+ 21.Rd3 b6
22.Bd6+ Kb7 23.Qa3 f4 24.Ka1 Bf5 25.Rxg6 hxg6 26.Qxa7+ Kxa7 27.Ra3+ Kb7 28.Ba6+  1-0

[Event "SWE-chT 9899"]
[Site "Sweden"]
[Date "1999.??.??"]
[Round "9"]
[White "Schussler, Harry"]
[Black "Ornstein, Axel"]
[Result "0-1"]
[WhiteElo "2539"]
[BlackElo "2472"]

1.d4 d5 2.c4 c6 3.Nf3 Nf6 4.Nc3 e6 5.e3 Nbd7 6.Qc2 Bd6 7.b3 O-O 8.Bb2 Re8
9.Be2 dxc4 10.bxc4 e5 11.O-O Qe7 12.c5 Bc7 13.Rfe1 e4 14.Nd2 Nf8 15.f3 exf3
16.Bxf3 Bg4 17.Qd1 Bxf3 18.Qxf3 Rad8 19.Rad1 Ng6 20.Qh3 Ba5 21.Nc4 Bxc3 22.Bxc3 Ne4
23.Ba1 Rd5 24.Rf1 h5 25.Qf3 Nh4 26.Qh3 Rg5 27.g3 Ng6 28.Kh1 Qd8 29.Rc1 Qd5
30.Qg2 h4 31.Rf3 hxg3 32.Ne5 Nxe5 33.dxe5 Rh5  0-1

[Event "SWZ-chT"]
[Site "SWZ"]
[Date "1999.??.??"]
[Round "5"]
[White "Fioramonti, Hung"]
[Black "Kallai, Gabor"]
[Result "1-0"]
[WhiteElo "2380"]
[BlackElo "2525"]

1.Nf3 d5 2.c4 c6 3.e3 Nf6 4.Nc3 e6 5.d4 Nbd7 6.Bd3 dxc4 7.Bxc4 b5 8.Be2 Bb7
9.O-O a6 10.e4 c5 11.e5 Nd5 12.Ne4 h6 13.a4 Qb6 14.Qb3 c4 15.Qc2 Be7 16.Ng3 Rc8
17.Bd2 g6 18.Qc1 g5 19.h3 Nf8 20.Re1 Ng6 21.Nh5 Rg8 22.Be3 b4 23.Nh2 Ngf4
24.Bxf4 gxf4 25.Bf3 Qxd4 26.Ng4 Bg5 27.Rd1 Qc5 28.Bxd5 Bxd5 29.Ngf6+ Bxf6
30.Nxf6+ Ke7 31.Rxd5 exd5 32.Nxg8+ Rxg8 33.Qxf4 Rg6 34.Rc1 c3 35.bxc3 bxc3
36.Rb1 Qc7 37.Qd4 c2 38.Rc1 Rb6 39.Qd2 Rb2 40.Qxh6  1-0

[Event "SWZ-chT"]
[Site "SWZ"]
[Date "1999.??.??"]
[Round "9"]
[White "Sutter, Oliver"]
[Black "Gabriel, Christian"]
[Result "1/2-1/2"]
[WhiteElo "2312"]
[BlackElo "2581"]

1.d4 Nf6 2.c4 e6 3.Nf3 d5 4.Nc3 c6 5.e3 Nbd7 6.Qc2 Bd6 7.Bd3 O-O 8.O-O h6
9.Rd1 Qe7 10.h3 Re8 11.e4 dxe4 12.Nxe4 Nxe4 13.Bxe4 Nf6 14.c5 Bc7 15.Bd3 Bd7
16.Bd2 Red8 17.Re1 Be8 18.Rad1 Rd7 19.Qc1 Nd5 20.Ne5 Bxe5 21.Rxe5 f6 22.Re2 Bh5
23.g4 Bf7 24.Bb1 Qf8 25.Qc2 g6 26.h4 Qg7 27.g5 hxg5 28.hxg5 Rad8 29.Qe4 Ne7
30.Bc3 Rd5 31.gxf6 Qxf6 32.Rd3 Rg5+ 33.Rg3 Rdd5 34.Qe3 Rh5 35.Be4 Nf5 36.Qf3 Qh4
37.Bxd5 Qh2+ 38.Kf1 Nxg3+ 39.Qxg3 Qxg3 40.fxg3 Rxd5 41.Kf2 g5  1/2-1/2

[Event "Tampere op"]
[Site "Tampere"]
[Date "1999.??.??"]
[Round "1"]
[White "Kallio, Heikki"]
[Black "Kanep, Meelis"]
[Result "1-0"]
[WhiteElo "2352"]
[BlackElo "2126"]

1.d4 d5 2.c4 c6 3.Nf3 Nf6 4.Nc3 e6 5.e3 Nbd7 6.Qc2 Bd6 7.b3 O-O 8.Bb2 e5
9.cxd5 cxd5 10.dxe5 Nxe5 11.Be2 Bg4 12.Nd4 Rc8 13.f3 Bd7 14.Qd2 Re8 15.O-O a6
16.Rae1 b5 17.Bd1 Qc7 18.Nce2 a5 19.a3 a4 20.Nc3 Qb6 21.f4 Ng6 22.b4 Ne4
23.Nxe4 dxe4 24.Kh1 Ne7 25.Ne2 Nf5 26.Nc3 Rcd8 27.Ba1 Bf8 28.Qf2 Nd6 29.Be2 Be6
30.f5 Nxf5 31.Bxb5 Re7 32.Bxa4 Ra7 33.Bc2 Rxa3 34.Bxe4 Nd6 35.Qh4 Nxe4 36.Nxe4 Kh8
37.Ng5 h6 38.Qxh6+  1-0

[Event "Isla de Tenerife op"]
[Site "Tenerife"]
[Date "1999.??.??"]
[Round "7"]
[White "Villavicencio, Adalberto"]
[Black "Boudre, Jean Pierre"]
[Result "0-1"]
[WhiteElo "2312"]
[BlackElo "2389"]

1.d4 d5 2.c4 c6 3.Nf3 Nf6 4.Nc3 e6 5.e3 Nbd7 6.Bd3 dxc4 7.Bxc4 b5 8.Bd3 a6
9.e4 c5 10.d5 Qc7 11.O-O Bb7 12.b3 b4 13.Na4 Bd6 14.Bb2 O-O 15.Rc1 exd5 16.e5 Nxe5
17.Nxe5 Bxe5 18.Bxe5 Qxe5 19.Nxc5 Bc8 20.Re1 Qg5 21.Re3 a5 22.Qc2 Ra7 23.Rg3 Qe5
24.Qd2 Rc7 25.Re1 Qd6 26.Na4 Re8 27.Rxe8+ Nxe8 28.h3 g6 29.Qg5 Ng7 30.Rf3 Be6
31.g4 Rc8 32.Qf6 Rc1+ 33.Kg2 h6  0-1

[Event "RUS-Cup"]
[Site "Tula "]
[Date "1999.??.??"]
[Round "4"]
[White "Timofeev, Sergey"]
[Black "Guliev, Sarhan"]
[Result "0-1"]
[WhiteElo "2253"]
[BlackElo "2486"]

1.d4 d5 2.c4 c6 3.Nf3 e6 4.Nc3 Nf6 5.e3 Nbd7 6.Bd3 dxc4 7.Bxc4 b5 8.Bd3 a6
9.e4 c5 10.d5 c4 11.Bc2 e5 12.O-O Bd6 13.b3 Qa5 14.Bd2 b4 15.Na4 c3 16.Be3 O-O
17.a3 bxa3 18.Qd3 Bb7 19.Nxc3 Rfc8 20.Na4 Bxd5 21.Nd2 Be6 22.Qxd6 Rxc2 23.Rxa3 Qb5
24.b4 Rc6 25.Nc3 Qxf1+  0-1

[Event "RUS-Cup"]
[Site "Tula "]
[Date "1999.??.??"]
[Round "4"]
[White "Skatchkov, Pavel"]
[Black "Filipenko, Alexander V"]
[Result "1/2-1/2"]
[WhiteElo "2420"]
[BlackElo "2360"]

1.d4 d5 2.c4 c6 3.Nc3 Nf6 4.Nf3 e6 5.e3 Nbd7 6.Qc2 b6 7.Be2 Bb7 8.O-O Be7
9.e4 dxe4 10.Nxe4 c5 11.Nxf6+ Bxf6 12.Rd1 O-O 13.dxc5 bxc5 14.Bf4 Qc8 15.Ng5 g6
16.Rd2 Bd4 17.Nf3 Qc6 18.Bf1 Bg7 19.Rd6 Qc8 20.Rad1 Nf6 21.Qb3 Be4 22.Qe3 Qb7
23.Ng5 Bc2 24.Rc1 Bf5 25.b3 h6 26.Nf3 g5 27.Be5 Ne4 28.Rdd1 Rfd8 29.Bxg7 Kxg7
30.Ne5 Qc7 31.Nd3 Rac8 32.f3 Nf6 33.a3 Bxd3 34.Bxd3 a5 35.Be2 Nh5 36.g3 Nf6
37.Kg2 Ne8 38.Rh1 Rd4 39.b4 axb4 40.axb4 Rcd8 41.bxc5 Qxc5 42.Rhd1 Rxd1 43.Qxc5 Rxc1
44.Qe5+ Kg8 45.Qb2 Re1 46.Kf2 Rh1 47.Kg2 Re1 48.Kf2  1/2-1/2

[Event "RUS-Cup"]
[Site "Tula "]
[Date "1999.??.??"]
[Round "5"]
[White "Shariyazdanov, Andrey"]
[Black "Alavkin, Arseny"]
[Result "1-0"]
[WhiteElo "2539"]
[BlackElo "2441"]

1.d4 d5 2.c4 c6 3.Nc3 Nf6 4.e3 e6 5.Nf3 Nbd7 6.Qc2 Bd6 7.Bd3 O-O 8.O-O dxc4
9.Bxc4 b5 10.Be2 Bb7 11.Rd1 Qb8 12.e4 e5 13.Bg5 Re8 14.dxe5 Nxe5 15.Bxf6 Nxf3+
16.Bxf3 gxf6 17.g3 Qc7 18.Bg4 Rad8 19.Bf5 b4 20.Nb1 c5 21.Nd2 Bf8 22.Nc4 Rd4
23.Rxd4 cxd4 24.b3 Qe7 25.Re1 Qc5 26.Rd1 Bg7 27.Qd3 Rd8 28.Rc1 Re8 29.Rd1 Rd8
30.Rc1 Re8 31.Rc2 a5 32.Ne3 Qe5 33.Nc4 Qc5 34.Ne3 Qe5 35.Nc4 Qc5 36.Nd2 Qb6
37.Qc4 Bh6 38.Bxh7+ Kg7 39.Bf5 Re5 40.Qd3 Bxd2 41.Rxd2 Qc6 42.f3 Qc3 43.Qxd4 Qxf3
44.Rf2 Qc3 45.Qxc3 bxc3 46.Rc2 Bxe4 47.Bxe4 Rxe4 48.Kf2 a4 49.Rxc3 axb3 50.axb3 f5
51.Rc4 Re5 52.b4 Kg6 53.Kf3 Re1 54.Rc6+ f6 55.b5 Rb1 56.b6 Rb2 57.h3 Kg5
58.Ke3 Rb3+ 59.Kd4 Rxg3 60.Rc3 Rg1 61.Rb3  1-0

[Event "RUS-Cup"]
[Site "Tula "]
[Date "1999.??.??"]
[Round "7"]
[White "Naer, Eugeni"]
[Black "Goloshchapov, Alexander"]
[Result "1/2-1/2"]
[WhiteElo "2455"]
[BlackElo "2446"]

1.d4 d5 2.c4 c6 3.Nc3 Nf6 4.e3 e6 5.Nf3 Nbd7 6.Qc2 Bd6 7.Bd3 O-O 8.O-O dxc4
9.Bxc4 b5 10.Bd3 Bb7 11.a3 Qe7 12.Ng5 Bxh2+ 13.Kxh2 Ng4+ 14.Kg1 Qxg5 15.f3 Ngf6
16.e4 Qh4 17.Qf2 Qxf2+ 18.Kxf2 e5 19.dxe5 Nxe5 20.Be2 a6 21.Be3 Rac8 22.b4 Ned7
23.a4 c5 24.bxc5 b4 25.Rfb1 bxc3 26.Rxb7 Nxc5 27.Bxc5 Rxc5 28.Bxa6 Rd8 29.Rd1 Ra8
30.Bb5 Ne8 31.Rb6 Kf8 32.Rc6 Rxc6 33.Bxc6 Rc8 34.Bb5 Nd6 35.Bd3 Nc4 36.Rc1 Nb2
37.Bb5 Ra8 38.Ke3 Nxa4  1/2-1/2

[Event "RUS-Cup"]
[Site "Tula "]
[Date "1999.??.??"]
[Round "8"]
[White "Sherbakov, Ruslan"]
[Black "Lastin, Alexander"]
[Result "1/2-1/2"]
[WhiteElo "2559"]
[BlackElo "2558"]

1.d4 d5 2.c4 c6 3.Nf3 Nf6 4.e3 e6 5.Nc3 Nbd7 6.Bd3 dxc4 7.Bxc4 b5 8.Be2 b4
9.Na4 Be7 10.O-O Bb7 11.b3  1/2-1/2

[Event "Texas-J"]
[Site "USA"]
[Date "1999.??.??"]
[Round "4"]
[White "Nguyen Truong, S."]
[Black "Alexander, Martin T"]
[Result "1/2-1/2"]
[WhiteElo "1795"]
[BlackElo "1605"]

1.c4 Nf6 2.Nc3 e6 3.e3 d5 4.Nf3 c6 5.d4 Nbd7 6.c5 Be7 7.Bd3 O-O 8.b4 Qc7
9.O-O e5 10.dxe5 Nxe5 11.Nxe5 Qxe5 12.Bb2 Ng4 13.g3 Qh5 14.h4 Bxh4 15.Kg2 Bxg3
16.Rh1 Bh2 17.Qf3 Nxe3+ 18.Qxe3 d4 19.Rxh2 Qxh2+ 20.Kxh2 dxe3 21.fxe3 Re8
22.Ne4 Re6  1/2-1/2

[Event "Mislata op8th"]
[Site "Valencia"]
[Date "1999.??.??"]
[Round "2"]
[White "Capella Gimenez, Jose Manuel"]
[Black "Korneev, Oleg"]
[Result "0-1"]
[WhiteElo "2088"]
[BlackElo "2615"]

1.d4 d5 2.c4 e6 3.Nc3 c6 4.Nf3 Nf6 5.e3 Nbd7 6.Qc2 Bd6 7.b3 O-O 8.Be2 dxc4
9.bxc4 e5 10.O-O Re8 11.Rd1 exd4 12.exd4 Nf8 13.Nd2 Ng6 14.Nf1 Bg4 15.Ng3 Bxg3
16.hxg3 Qa5 17.c5 Bxe2 18.Nxe2 Nd5 19.Bb2 Qd8 20.Nc3 Nxc3 21.Qxc3 Qd5 22.Re1 f6
23.Qf3 Qxf3 24.gxf3 Ne7 25.Re4 Nd5 26.Rae1 Kf7 27.a3 f5 28.Re5 Rxe5 29.Rxe5 g6
30.Kf1 Re8 31.f4 Rxe5 32.dxe5 Ke6 33.Ke2 Nc7 34.Kd3 Kd5 35.a4 Ne6 36.Ba3 Nxc5+
37.Bxc5 Kxc5 38.f3 Kd5 39.a5 b5 40.axb6 axb6  0-1

[Event "Mislata op8th"]
[Site "Valencia"]
[Date "1999.??.??"]
[Round "4"]
[White "Eslon, Jaan"]
[Black "Asensio Soto, Fermin"]
[Result "1-0"]
[WhiteElo "2349"]
[BlackElo "2150"]

1.d4 d5 2.Nf3 Nf6 3.c4 c6 4.Nc3 e6 5.e3 Nbd7 6.a3 Bd6 7.b4 O-O 8.Bb2 Re8
9.Be2 a6 10.Nd2 e5 11.dxe5 Nxe5 12.cxd5 cxd5 13.Nf3 Nc4 14.Bxc4 dxc4 15.Qd4 Bf8
16.Qxc4 Be6 17.Qd4 Qc7 18.O-O Rad8 19.Qh4 Be7 20.Rac1 Ng4 21.Nd5 Rxd5 22.Rxc7 Bxh4
23.Nxh4 Rd2 24.Bd4 b5 25.h3 Bc4 26.Nf3 Ra2 27.Ra1 Rxa1+ 28.Bxa1 Nf6 29.Bxf6 gxf6
30.Ra7 Bd5 31.Rxa6 Bxf3 32.gxf3 Kg7 33.Kg2 Rc8 34.Ra5 Rc3 35.Kf1 Kg6 36.f4 Rb3
37.Kg2 Rc3 38.Kf3 f5 39.Rxb5 Rxa3 40.Rc5 Rb3 41.b5 Kf6 42.Rc6+ Kg7 43.b6 Rb5
44.Ke2 Rb2+ 45.Kd3 Rxf2 46.Rc2 Rf1 47.Rb2 Rd1+ 48.Kc4  1-0

[Event "Mislata op8th"]
[Site "Valencia"]
[Date "1999.??.??"]
[Round "6"]
[White "Eslon, Jaan"]
[Black "Korneev, Oleg"]
[Result "1-0"]
[WhiteElo "2349"]
[BlackElo "2615"]

1.d4 d5 2.c4 e6 3.Nc3 c6 4.e3 Nf6 5.Nf3 Nbd7 6.Bd3 dxc4 7.Bxc4 b5 8.Be2 a6
9.e4 b4 10.e5 bxc3 11.exf6 Nxf6 12.bxc3 Bd6 13.O-O O-O 14.Bg5 c5 15.Ne5 Bb7
16.Bf3 Qc7 17.Bxb7 Qxb7 18.Bxf6 gxf6 19.Nc4 Be7 20.Rb1 Qc6 21.Rb6 Qd5 22.Ne3 Qe4
23.d5 Rfb8 24.Rxb8+ Rxb8 25.Re1 Rd8 26.g3 f5 27.f3 Qe5 28.c4 Bf6 29.Kg2 Qc3
30.Qe2 Qb2 31.Qxb2 Bxb2 32.Re2 Bd4 33.dxe6 fxe6 34.f4 Kf7 35.Nf1 Rb8 36.Rc2 a5
37.Nd2 a4 38.Kf1 Ke7 39.Ke2 h5 40.Nf3 Bf6 41.Ne1 Kd6 42.Rd2+ Kc6 43.Nd3 Bd4
44.Rd1 Kd6 45.Kf3 Ke7 46.h3 Kf6 47.Rh1 a3 48.Re1 Rd8 49.Re2 Bg1 50.Ne5 Rd1
51.g4 h4 52.Kg2 Bd4 53.Nf3 Rc1 54.Ng5 e5 55.gxf5 exf4 56.Nf3 Rxc4 57.Nxh4 Be3
58.Kf3 Rc1 59.Ke4 c4 60.Rg2 c3 61.Rg6+ Kf7 62.Nf3 Rb1 63.Ne5+ Kf8 64.Rc6 Rb4+
65.Kf3 Rb5 66.Ng6+ Kf7 67.Rxc3 Rxf5 68.Nh4 Ra5 69.Ng2 Bd2 70.Rc2 Rd5 71.Ke4 Rd7
72.Nxf4 Bxf4 73.Kxf4 Rd3 74.Rh2 Kf6 75.Ke4 Rg3 76.Kd4 Kg5 77.Kc4 Kh4 78.Kb4 Rxh3
79.Rxh3+ Kxh3  1-0

[Event "Valles Tancat 3th"]
[Site "Valles Tancat"]
[Date "1999.??.??"]
[Round "?"]
[White "Panchenko, Alexandar G"]
[Black "Bravo, Narciso"]
[Result "1-0"]
[WhiteElo "2395"]
[BlackElo "2265"]

1.d4 d5 2.c4 c6 3.Nc3 Nf6 4.e3 e6 5.Nf3 Nbd7 6.Qc2 Bd6 7.Be2 O-O 8.O-O Re8
9.Rd1 b6 10.e4 Nxe4 11.Nxe4 dxe4 12.Qxe4 Qc7 13.Bd3 f5 14.Qh4 Bb7 15.Be3 c5
16.d5 Ne5 17.Ng5 h6 18.Nxe6 Rxe6 19.dxe6 Nxd3 20.Rxd3 f4 21.Bd2 Re8 22.Re1 Be5
23.Rd7  1-0

[Event "LTU-ch"]
[Site "Vilnius"]
[Date "1999.??.??"]
[Round "?"]
[White "Butnorius, Algimantas"]
[Black "Grabliauskas, Virginijus"]
[Result "1/2-1/2"]
[WhiteElo "2445"]
[BlackElo "2455"]

1.d4 d5 2.c4 c6 3.Nf3 Nf6 4.Nc3 e6 5.e3 Nbd7 6.Qc2 Bd6 7.Be2 O-O 8.O-O Re8
9.Rd1 Qe7 10.b3 b6 11.e4 dxe4 12.Nxe4 Nxe4 13.Qxe4 Bb7 14.Bg5 f6 15.Bf4 Ba3
16.Bf1 Rad8 17.Qc2 Bd6 18.Bxd6 Qxd6 19.Bd3 f5 20.c5 bxc5 21.Bc4 Qf4 22.dxc5 Nxc5
23.b4 Ba6 24.Bxa6 Nxa6 25.Rxd8 Rxd8 26.Qxc6 Qd6 27.Qxd6 Rxd6 28.a3 Nc7 29.g3 Kf7
30.Rc1 Nd5 31.b5 Kf6 32.a4 a6 33.Rc5 axb5 34.axb5 Nb6 35.h4 Rd1+ 36.Kg2 Rb1
37.Rc6 Rxb5 38.Ng5 Ke7 39.Rxe6+ Kd7 40.Re2 f4 41.Nxh7 fxg3 42.fxg3 Rf5 43.Ng5 Nd5
44.Kh3 g6 45.Ra2 Nb4 46.Ra7+ Ke8 47.Ra8+ Ke7 48.Kg4 Nd5 49.Ra7+ Ke8 50.Ra6 Rf6
51.Ra8+ Ke7 52.Ra7+ Ke8 53.Ne4 Re6 54.Kf3 Kf8 55.Ng5 Re3+ 56.Kf2 Re7 57.Ra5 Nf6
58.Kf3 Kg7 59.Ra6 Nd5 60.Rd6 Nf6 61.g4 Ra7 62.Ne6+ Kf7 63.Nd4 Rd7 64.Rxd7+ Nxd7
65.Kf4 Kf6 66.Ke4 Nc5+ 67.Kd5 Nd3 68.g5+ Kf7 69.Nc6 Nf4+ 70.Kd6 Ng2 71.Ne5+ Kg7
72.Nf3 Ne3 73.Ke6 Ng2 74.Ke7 Ne3 75.Kd6 Kf7 76.Ne5+ Kg7 77.Ke6 Ng2 78.Nf3 Ne3  1/2-1/2

[Event "JUG-chT"]
[Site "Vrnjacka Banja"]
[Date "1999.??.??"]
[Round "1"]
[White "Kosic, Dragan"]
[Black "Savic, Miodrag R"]
[Result "1/2-1/2"]
[WhiteElo "2523"]
[BlackElo "2434"]

1.d4 Nf6 2.Nf3 e6 3.e3 d5 4.c4 c6 5.Nc3 Bd6 6.Bd3 Nbd7 7.O-O O-O 8.b3 Qe7
9.Bb2 e5 10.dxe5 Nxe5 11.Be2 dxc4 12.bxc4 Rd8 13.Qc2 Nfg4 14.g3 Qf6 15.Nxe5 Nxe5
16.f4 Ng4 17.Ne4 Qh6 18.Bxg4 Bxg4 19.Nxd6 Rxd6 20.c5 Re6 21.Rae1 Rae8 22.Bd4  1/2-1/2

[Event "JUG-chT"]
[Site "Vrnjacka Banja"]
[Date "1999.??.??"]
[Round "2"]
[White "Ivanisevic, Ivan"]
[Black "Jakovljevic, Zivota"]
[Result "1-0"]
[WhiteElo "2447"]
[BlackElo "2272"]

1.d4 d5 2.c4 c6 3.Nc3 Nf6 4.e3 e6 5.Nf3 Nbd7 6.Qc2 Bd6 7.Bd3 dxc4 8.Bxc4 b5
9.Be2 Bb7 10.O-O O-O 11.Rd1 Qc7 12.e4 e5 13.g3 a6 14.Bg5 b4 15.dxe5 Bxe5
16.Nxe5 Qxe5 17.Bf4 Qe6 18.Na4 c5 19.f3 Rac8 20.Rd6 Qe7 21.Rad1 Rfe8 22.b3 h6
23.Nb2 Ne5 24.Nc4 Nxc4 25.Bxc4 Red8 26.Qd2 Rxd6 27.Qxd6 Qe8 28.Qe5 Kf8 29.Rd6 Qxe5
30.Bxe5 Ke7 31.Rb6 Ba8 32.Rxa6 Nd7 33.Bxg7 h5 34.Ra7  1-0

[Event "JUG-chT"]
[Site "Vrnjacka Banja"]
[Date "1999.??.??"]
[Round "3"]
[White "Petronic, Jovan"]
[Black "Scekic, Milos"]
[Result "0-1"]
[WhiteElo "2421"]
[BlackElo "2452"]

1.d4 d5 2.c4 c6 3.Nc3 e6 4.e3 Nf6 5.Nf3 Nbd7 6.a3 Bd6 7.Bd3 O-O 8.O-O Qe7
9.e4 dxc4 10.Bxc4 e5 11.Ba2 exd4 12.Nxd4 Ne5 13.f3 Rd8 14.Be3 c5 15.Ndb5 Neg4
16.fxg4 Bxh2+ 17.Kxh2 Rxd1 18.Raxd1 Bxg4 19.Rd2 Be6 20.Bxe6 fxe6 21.Kg1 Ng4
22.Bf4 Rf8 23.Rf3 Qh4 24.Nc7 Ne5 25.Bxe5 Rxf3 26.Rd1 Rf8 27.Nxe6 Re8 28.Rd6 Qg4  0-1

[Event "JUG-chT"]
[Site "Vrnjacka Banja"]
[Date "1999.??.??"]
[Round "7"]
[White "Ostojic, Nikola"]
[Black "Ivanovic, Bozidar"]
[Result "1/2-1/2"]
[WhiteElo "2419"]
[BlackElo "2518"]

1.d4 d5 2.Nf3 Nf6 3.c4 c6 4.Nc3 e6 5.e3 Nbd7 6.Qc2 Bd6 7.Bd3 dxc4 8.Bxc4 b5
9.Be2 Bb7 10.O-O O-O 11.Rd1 Qc7 12.e4 e5 13.dxe5 Nxe5 14.Nd4 Bc5 15.Bf4 Rfe8
16.Bg3 Rac8 17.a3 a6 18.Nf3 Nfg4 19.Nxe5 Nxe5 20.Kh1 Rcd8 21.f4 Ng6 22.e5 Bd4
23.Bf3 c5 24.Bxb7 Qxb7 25.Ne4 Bxb2 26.Nxc5 Qc6 27.Qxb2 Qxc5 28.f5 Ne7 29.Rxd8 Rxd8
30.Bh4 Re8 31.Rc1 Qa7 32.Bxe7  1/2-1/2

[Event "JUG-chT"]
[Site "Vrnjacka Banja"]
[Date "1999.??.??"]
[Round "10"]
[White "Atalik, Suat"]
[Black "Sveshnikov, Evgeny"]
[Result "1/2-1/2"]
[WhiteElo "2598"]
[BlackElo "2541"]

1.d4 d5 2.c4 e6 3.Nf3 Nf6 4.Nc3 c6 5.e3 Nbd7 6.Bd3 dxc4 7.Bxc4 b5 8.Bd3 b4
9.Ne4 Nxe4 10.Bxe4 Bb7 11.Nd2 Be7 12.O-O O-O 13.Nc4 Qc7 14.b3 c5  1/2-1/2

[Event "Wisla Hugart op (Women)"]
[Site "Warsaw"]
[Date "1999.??.??"]
[Round "?"]
[White "Shumiakina, Tatiana"]
[Black "Gagloshvili, Raissa"]
[Result "1/2-1/2"]
[WhiteElo "2407"]
[BlackElo "2206"]

1.d4 d5 2.Nf3 Nf6 3.c4 c6 4.Nc3 e6 5.e3 Nbd7 6.Bd3 dxc4 7.Bxc4 b5 8.Bd3 a6
9.O-O c5 10.a4 b4 11.Ne4 Bb7 12.Ned2 Be7 13.Qe2 cxd4 14.exd4 Nb6 15.a5 Nbd5
16.Nc4 O-O 17.Bg5 h6 18.Bd2 Nc7 19.Rfd1 Qe8 20.Nb6 Ra7 21.Ne5 Nb5 22.Be3 Bd8
23.Qd2 Qe7 24.Na4 Bxa5 25.Nc5 Bb6 26.Bxb5 axb5 27.Rxa7 Bxa7 28.Qxb4 Ba8 29.Qxb5 Rb8
30.Qe2 Qd6 31.Ned3 Qc6 32.f3 Nd5 33.Bf2 Qb5 34.Qc2 Qc6 35.Qa4 Qb6 36.Nd7 Qb3
37.Qa1 Rd8 38.N7c5 Qb6 39.Qa6 Qxa6 40.Nxa6 Bc6 41.Nab4 Nxb4 42.Nxb4 Bb7 43.Na2 Bc6
44.Nc3 Rb8 45.Rd2 Rb3 46.Kf1 Bb6 47.Ke2 Ba5 48.Rc2 Bb7 49.Bg3 Bb4 50.Na2 Ba6+
51.Kf2 Ba5 52.Nc1 Rb4 53.Ke3 Bb6 54.Rd2 f6 55.Bd6 Rb5 56.Nd3 Rb3 57.Bc5 Ba5
58.Rd1 Bxd3 59.Rxd3 Rxb2 60.Ra3 Bc7 61.Ra8+ Rb8 62.Rxb8+ Bxb8 63.f4 f5 64.h3 h5
65.Kf3  1/2-1/2

[Event "Hoogovens-C op"]
[Site "Wijk aan Zee"]
[Date "1999.??.??"]
[Round "2"]
[White "Popov, Luben"]
[Black "Dgebuadze, Alexandre"]
[Result "1/2-1/2"]
[WhiteElo "2355"]
[BlackElo "2505"]

1.d4 Nf6 2.c4 e6 3.Nf3 d5 4.Nc3 c6 5.e3 Nbd7 6.Qc2 Bd6 7.Be2 dxc4 8.Bxc4 O-O
9.O-O b5 10.Be2 Bb7 11.b3 a6 12.Ne4 Nxe4 13.Qxe4 Nf6 14.Qh4 Nd5 15.Qxd8 Rfxd8
16.Bb2 c5 17.dxc5 Bxc5 18.Rac1 Rac8 19.Rfd1 Bb6 20.Nd4 Rxc1 21.Rxc1 g6 22.Nf3 Kf8  1/2-1/2

[Event "Hoogovens-C op"]
[Site "Wijk aan Zee"]
[Date "1999.??.??"]
[Round "7"]
[White "Oosterom, Erik"]
[Black "Bierenbroodspot, Paul"]
[Result "0-1"]
[WhiteElo "2270"]
[BlackElo "2305"]

1.d4 d5 2.c4 c6 3.Nc3 Nf6 4.e3 e6 5.Nf3 Ne4 6.Qc2 f5 7.Ne5 Nd7 8.f4 Nxe5
9.dxe5 Bb4 10.a3 Bxc3+ 11.bxc3 Qa5 12.Bd2 O-O 13.Bd3 Nxd2 14.Qxd2 dxc4 15.Be2 Rd8
16.Qc2 b5 17.Kf2 Bb7 18.Rhd1 c5 19.Rd6 Rxd6 20.exd6 Rd8 21.Rd1 Qb6 22.d7 Be4
23.Qb2 Qc6  0-1

[Event "CRO-chT3"]
[Site "Zadar"]
[Date "1999.??.??"]
[Round "5"]
[White "Gagarin, Vasilij"]
[Black "Bocina, Darko"]
[Result "1-0"]
[WhiteElo "2403"]
[BlackElo "2210"]

1.d4 Nf6 2.Nf3 d5 3.c4 e6 4.Nc3 c6 5.e3 Be7 6.Bd3 Nbd7 7.O-O O-O 8.b3 b6
9.Bb2 Bb7 10.Qe2 Qc7 11.Rad1 Rfe8 12.Ne5 dxc4 13.bxc4 a6 14.f4 c5 15.d5 Bd6
16.Ne4 Nxe4 17.Bxe4 exd5 18.Bxh7+ Kf8 19.cxd5 Nxe5 20.fxe5 Bxe5 21.Bg6 f6
22.Qh5 Bxh2+ 23.Kh1 Ke7 24.Bxe8 Rxe8 25.Qxh2  1-0

[Event "Zagreb op"]
[Site "Zagreb"]
[Date "1999.??.??"]
[Round "5"]
[White "Franic, Milan"]
[Black "Nikolov, Sasho"]
[Result "0-1"]
[WhiteElo "2435"]
[BlackElo "2395"]

1.d4 d5 2.c4 e6 3.Nc3 c6 4.e3 Nf6 5.Nf3 Nbd7 6.Bd3 Be7 7.O-O O-O 8.Qe2 dxc4
9.Bxc4 b5 10.Bd3 Bb7 11.Rd1 Rc8 12.a3 a5 13.e4 b4 14.axb4 axb4 15.Na4 c5
16.e5 Nd5 17.Nxc5 Nxc5 18.dxc5 Rxc5 19.Qe4 g6 20.Bh6 Re8 21.h4 Bf8 22.Bxf8 Rxf8
23.Qd4 Qb6 24.h5 Kg7 25.Ng5 h6 26.Nf3 Ne7 27.Qh4 Bxf3 28.Qf6+ Kg8 29.gxf3 Nd5
30.Qh4 Kg7 31.Qe4 Qd8 32.Qg4 Qg5 33.Qxg5 hxg5 34.hxg6 Nf4 35.gxf7 Rxf7 36.Be4 Rxe5
37.Ra8 g4 38.Rdd8 gxf3 39.Rg8+ Kf6 40.Bxf3 Re1+ 41.Kh2 Nd3 42.Kg2 Nxb2 43.Rg4 Nd3
44.Be4 Ne5 45.Rf4+ Kg7 46.Rxf7+ Kxf7 47.f3 Re2+ 48.Kg3 b3 49.Rb8 b2 50.Kf4 Ng6+
51.Kg3 Kf6 52.Rb5 Ne5 53.Kf4 Nc4 54.Bd3 Nd6 55.Rb6 Nc8 56.Rb4 e5+ 57.Kg3 Rd2
58.Bh7 Nd6 59.Kh3 Nf5 60.Rb6+ Kg5  0-1

[Event "Zagreb op"]
[Site "Zagreb"]
[Date "1999.??.??"]
[Round "6"]
[White "Loncar, Robert"]
[Black "Kutuzovic, Branko"]
[Result "0-1"]
[WhiteElo "2419"]
[BlackElo "2465"]

1.d4 d5 2.c4 c6 3.e3 Nf6 4.Nc3 e6 5.Nf3 Nbd7 6.Qc2 Bd6 7.Bd2 O-O 8.Be2 Qe7
9.e4 Nxe4 10.Nxe4 dxe4 11.Qxe4 e5 12.O-O-O Nf6 13.Qh4 e4 14.Ne1 Ng4 15.Qxe7 Bxe7
16.Be3 Nxe3 17.fxe3 f5 18.g3 g5 19.Ng2 Kg7 20.Kc2 Be6 21.b3 b6 22.a4 c5 23.d5 Bd7
24.Rhf1 Bd6 25.Rf2 Kg6 26.Rg1 Rf6 27.Kb1 a5 28.Bd1 Raf8 29.Bc2 h5 30.Rff1 Kh6
31.Rf2 Be5 32.Rgf1 Kg6 33.h4 Bxg3 34.hxg5 Kxg5 35.Re2 h4 36.Nf4 Kh6 37.Rh1 Rg8
38.Rg2 Rg5 39.Rxg3 Rxg3 40.Rxh4+ Kg5 41.Rh5+ Kg4 42.Bd1+ Rf3 43.Rh7 Be8 44.Re7 Bf7
45.Kc1 Kg3 46.d6 Rxd6 47.Rxf7 Rxf4 48.exf4 Kxf4 49.Bc2 Rd4 50.Rf8 Rd6 51.Rf7 Ke5
52.Re7+ Re6 53.Rd7 Rh6 54.Rd5+ Kf4 55.Rd1 Rg6 56.Rf1+ Ke5 57.Rd1 Rd6 58.Re1 Rd4
59.Rh1 f4 60.Rh5+ Ke6  0-1

[Event "Zagreb op"]
[Site "Zagreb"]
[Date "1999.??.??"]
[Round "9"]
[White "Keglevic, Pavao"]
[Black "Heged, Vlado"]
[Result "1-0"]
[WhiteElo "2252"]
[BlackElo "2085"]

1.c4 Nf6 2.Nf3 e6 3.d4 d5 4.Nc3 c6 5.e3 Be7 6.Bd3 O-O 7.b3 Qa5 8.Bd2 Bb4
9.Qc2 Nbd7 10.a3 Re8 11.O-O Bf8 12.Nxd5 Qd8 13.Nxf6+ Nxf6 14.e4 g6 15.b4 b6
16.e5 Nd7 17.Be4 Bb7 18.h4 Qc7 19.c5 f5 20.Bd3 b5 21.h5 Be7 22.hxg6 hxg6
23.Qb3 Kf7 24.Bg5 Rh8 25.Bxe7 Kxe7 26.Ng5 Nf8 27.Rad1 Rd8 28.Bb1 Qd7 29.Ba2 Bc8
30.Qg3 Qe8 31.f4 Nh7 32.Nf3 Qf7 33.Kf2 Qg7 34.Rh1 Rdg8 35.Rh2 g5 36.Rdh1 gxf4
37.Qxg7+ Rxg7 38.Rh6 Kf7 39.R1h5 Rg6 40.Rxh7+ Rxh7  1-0

[Event "Zaragoza op 11th"]
[Site "Zaragoza"]
[Date "1999.??.??"]
[Round "8"]
[White "Epishin, Vladimir"]
[Black "Korneev, Oleg"]
[Result "1/2-1/2"]
[WhiteElo "2575"]
[BlackElo "2580"]

1.d4 d5 2.c4 e6 3.Nf3 Nf6 4.Nc3 c6 5.e3 Nbd7 6.Qc2 Bd6 7.Bd3 O-O 8.O-O dxc4
9.Bxc4 a6 10.Rd1 b5 11.Be2 Qc7 12.e4 e5 13.g3 Re8 14.a3 exd4 15.Nxd4 Bb7
16.Bf3 Be5 17.Nf5 g6 18.Nh6+ Kg7 19.Bg5 c5  1/2-1/2